000 00341nam a2200145Ia 4500
008 230917s9999||||xx |||||||||||||| ||und||
040 _e192566
_aMAIN
041 _aEnglish
082 _a294.6 D511G
100 _aDewan Singh
245 0 _aGurmat gyan
260 _aAmritsar
_bWaris Shah Foundation
_c1994
300 _a259 p.
942 _cBK
999 _c79775
_d79775